| 000 | 00542nam a2200205Ia 4500 | ||
|---|---|---|---|
| 001 | 3250 | ||
| 003 | GE_BSU | ||
| 008 | 181216s||||||||xx |||||||||||||| ||und|| | ||
| 040 | _cGE_BSU | ||
| 080 | _a621.873:69 | ||
| 100 | _aКоган,И.Я. | ||
| 245 | _aСтроительные башенные краны. | ||
| 250 | _aИзд. 3-е. | ||
| 260 | _aМ. | ||
| 260 | _bМашиностроение. | ||
| 260 | _c1971. | ||
| 300 | _a396 стр. 22 см. | ||
| 653 | _aСтроительные башенные краны. | ||
| 942 | _cBK | ||
| 999 |
_c37291 _d37291 |
||